000
00312nam a22001457a 4500
008
230911b ||||| |||| 00| 0 eng d
020
_a
0521238102
041
_a
eng
080
_a
521
082
_a
521COC
100
_a
19
101
_a
ASTRO
245
_a
THE EVOLVING EARTH
_c
COCKS.M.R.L
942
_2
udc
_c
BK
999
_c
60311
_d
60311